MARC details
| 000 -LEADER |
| fixed length control field |
01966cam a2200349 a 4500 |
| 001 - CONTROL NUMBER |
| control field |
12064652 |
| 003 - CONTROL NUMBER IDENTIFIER |
| control field |
PACU |
| 005 - DATE AND TIME OF LATEST TRANSACTION |
| control field |
20140807141823.0 |
| 008 - FIXED-LENGTH DATA ELEMENTS--GENERAL INFORMATION |
| fixed length control field |
000620s2001 caua b 001 0 eng |
| 010 ## - LIBRARY OF CONGRESS CONTROL NUMBER |
| LC control number |
00010061 |
| 020 ## - INTERNATIONAL STANDARD BOOK NUMBER |
| International Standard Book Number |
0787909513 (hard : alk. paper) |
| 040 ## - CATALOGING SOURCE |
| Original cataloging agency |
DLC |
| Transcribing agency |
DLC |
| Modifying agency |
DLC |
| 050 00 - LIBRARY OF CONGRESS CALL NUMBER |
| Classification number |
HD57.7 |
| Item number |
.L439 2001 |
| 082 00 - DEWEY DECIMAL CLASSIFICATION NUMBER |
| Classification number |
650.1 |
| Edition number |
21 |
| 100 1# - MAIN ENTRY--PERSONAL NAME |
| Personal name |
Lee, Robert J., |
| Dates associated with a name |
1939- |
| 9 (RLIN) |
3084 |
| 245 10 - TITLE STATEMENT |
| Title |
Discovering the leader in you : |
| Remainder of title |
a guide to realizing your personal leadership potential / |
| Statement of responsibility, etc. |
Robert J. Lee, Sara N. King. |
| 250 ## - EDITION STATEMENT |
| Edition statement |
1st ed. |
| 260 ## - PUBLICATION, DISTRIBUTION, ETC. (IMPRINT) |
| Place of publication, distribution, etc. |
San Francisco, Calif. : |
| Name of publisher, distributor, etc. |
Jossey-Bass ; |
| Place of publication, distribution, etc. |
[Greensboro, N.C.] : |
| Name of publisher, distributor, etc. |
Center for Creative Leadership, |
| Date of publication, distribution, etc. |
c2001. |
| 300 ## - PHYSICAL DESCRIPTION |
| Extent |
xvii, 170 p. : |
| Other physical details |
ill. ; |
| Dimensions |
24 cm. |
| 500 ## - GENERAL NOTE |
| General note |
"A joint publication of The Jossey-Bass business & management series and the Center for Creative Leadership"--P. [vii]. |
| 504 ## - BIBLIOGRAPHY, ETC. NOTE |
| Bibliography, etc |
Includes bibliographical references (p. 161-163) and index. |
| 505 0# - FORMATTED CONTENTS NOTE |
| Formatted contents note |
Where does leadership fit in your life? -- Consider the current realities and expectations -- Ground your leadership vision in personal vision -- Base your leadership values on personal values -- Get to know yourself as a leader -- Balance your work life and your personal life -- Take steps toward self-aware leadership. |
| 650 #0 - SUBJECT ADDED ENTRY--TOPICAL TERM |
| Topical term or geographic name as entry element |
Leadership. |
| 9 (RLIN) |
382 |
| 700 1# - ADDED ENTRY--PERSONAL NAME |
| Personal name |
King, Sara N., |
| Dates associated with a name |
1961- |
| 9 (RLIN) |
3085 |
| 830 #0 - SERIES ADDED ENTRY--UNIFORM TITLE |
| Uniform title |
Jossey-Bass business & management series. |
| 9 (RLIN) |
2748 |
| 856 42 - ELECTRONIC LOCATION AND ACCESS |
| Materials specified |
Contributor biographical information |
| Uniform Resource Identifier |
<a href="http://www.loc.gov/catdir/bios/wiley043/00010061.html">http://www.loc.gov/catdir/bios/wiley043/00010061.html</a> |
| 856 42 - ELECTRONIC LOCATION AND ACCESS |
| Materials specified |
Publisher description |
| Uniform Resource Identifier |
<a href="http://www.loc.gov/catdir/description/wiley036/00010061.html">http://www.loc.gov/catdir/description/wiley036/00010061.html</a> |
| 856 4# - ELECTRONIC LOCATION AND ACCESS |
| Materials specified |
Table of Contents |
| Uniform Resource Identifier |
<a href="http://www.loc.gov/catdir/toc/onix07/00010061.html">http://www.loc.gov/catdir/toc/onix07/00010061.html</a> |
| 906 ## - LOCAL DATA ELEMENT F, LDF (RLIN) |
| a |
7 |
| b |
cbc |
| c |
orignew |
| d |
1 |
| e |
ecip |
| f |
20 |
| g |
y-gencatlg |
| 942 ## - ADDED ENTRY ELEMENTS (KOHA) |
| Source of classification or shelving scheme |
Library of Congress Classification |
| Koha item type |
General books |